<?xml version="1.0" encoding="UTF-8"?>
<collection xmlns="http://www.loc.gov/MARC21/slim">
 <record>
  <leader>01533nam a22002411  4500</leader>
  <controlfield tag="001">1/12401</controlfield>
  <controlfield tag="008">980304s1993    gr            001 0 gre d</controlfield>
  <datafield tag="020" ind1=" " ind2=" ">
   <subfield code="a">9602320230</subfield>
  </datafield>
  <datafield tag="035" ind1=" " ind2=" ">
   <subfield code="l">12813</subfield>
  </datafield>
  <datafield tag="040" ind1=" " ind2=" ">
   <subfield code="a">GR-PeUP</subfield>
  </datafield>
  <datafield tag="082" ind1="0" ind2="0">
   <subfield code="a">346.07 ΕΛ</subfield>
  </datafield>
  <datafield tag="245" ind1="0" ind2="0">
   <subfield code="a">Εθνική διοίκηση και κοινοτικό δίκαιο /</subfield>
   <subfield code="c">Ελληνικό Κέντρο Ευρωπαικών Μελετών και Ερευνών</subfield>
  </datafield>
  <datafield tag="260" ind1=" " ind2=" ">
   <subfield code="a">Αθήνα :</subfield>
   <subfield code="b">Σάκκουλας,</subfield>
   <subfield code="c">1993</subfield>
  </datafield>
  <datafield tag="300" ind1=" " ind2=" ">
   <subfield code="a">483 σ.;</subfield>
   <subfield code="c">24 εκ.</subfield>
  </datafield>
  <datafield tag="500" ind1=" " ind2=" ">
   <subfield code="a">Συμπόσιο &quot;Η εφαρμογή του Κοινοτικού Δικαίου από την Εθνική Διοίκηση υπό το φως της νομολογίας του ΔΕΚ&quot; Αθήνα 23-24 Οκτωβρίου 1992</subfield>
  </datafield>
  <datafield tag="650" ind1=" " ind2="4">
   <subfield code="a">Δημόσια διοίκηση</subfield>
   <subfield code="x">Συνέδρια.</subfield>
  </datafield>
  <datafield tag="650" ind1=" " ind2="4">
   <subfield code="a">Δίκαιο</subfield>
   <subfield code="z">Ευρωπαϊκή Οικονομική Κοινότητα</subfield>
   <subfield code="x">Συνέδρια.</subfield>
  </datafield>
  <datafield tag="710" ind1="2" ind2="0">
   <subfield code="a">Ελληνικό Κέντρο Ευρωπαϊκών Μελετών και Ερευνών.</subfield>
  </datafield>
  <datafield tag="852" ind1=" " ind2=" ">
   <subfield code="a">INST</subfield>
   <subfield code="b">UNIPILB</subfield>
   <subfield code="c">MAIN</subfield>
   <subfield code="e">20040709</subfield>
   <subfield code="h">346.07 ΕΛ</subfield>
   <subfield code="p">00124438</subfield>
   <subfield code="q">00124438</subfield>
   <subfield code="t">NOLOAN</subfield>
   <subfield code="y">23</subfield>
   <subfield code="4">1</subfield>
  </datafield>
  <datafield tag="852" ind1=" " ind2=" ">
   <subfield code="a">INST</subfield>
   <subfield code="b">UNIPILB</subfield>
   <subfield code="c">MAIN</subfield>
   <subfield code="e">20040709</subfield>
   <subfield code="h">346.07 ΕΛ</subfield>
   <subfield code="p">00134835</subfield>
   <subfield code="q">00134835</subfield>
   <subfield code="t">NOLOAN</subfield>
   <subfield code="y">23</subfield>
   <subfield code="4">2</subfield>
  </datafield>
  <datafield tag="852" ind1=" " ind2=" ">
   <subfield code="a">INST</subfield>
   <subfield code="b">UNIPILB</subfield>
   <subfield code="c">MAIN</subfield>
   <subfield code="e">20040709</subfield>
   <subfield code="h">346.07 ΕΛ</subfield>
   <subfield code="p">00134836</subfield>
   <subfield code="q">00134836</subfield>
   <subfield code="t">NOLOAN</subfield>
   <subfield code="y">0</subfield>
   <subfield code="4">4</subfield>
  </datafield>
  <datafield tag="852" ind1=" " ind2=" ">
   <subfield code="a">INST</subfield>
   <subfield code="b">UNIPILB</subfield>
   <subfield code="c">MAIN</subfield>
   <subfield code="e">20040709</subfield>
   <subfield code="h">346.07 ΕΛ</subfield>
   <subfield code="p">00135330</subfield>
   <subfield code="q">00135330</subfield>
   <subfield code="t">NOLOAN</subfield>
   <subfield code="y">0</subfield>
   <subfield code="4">5</subfield>
  </datafield>
  <datafield tag="852" ind1=" " ind2=" ">
   <subfield code="a">INST</subfield>
   <subfield code="b">UNIPILB</subfield>
   <subfield code="c">MAIN</subfield>
   <subfield code="e">20040709</subfield>
   <subfield code="h">346.07 ΕΛ</subfield>
   <subfield code="p">00135417</subfield>
   <subfield code="q">00135417</subfield>
   <subfield code="t">NOLOAN</subfield>
   <subfield code="y">23</subfield>
   <subfield code="4">3</subfield>
  </datafield>
 </record>
</collection>
